Educación y actualidad brasileña

Kaydedildi:
Detaylı Bibliyografya
Yazar: Freire, Paulo (autor)
Materyal Türü: Kitap
Dil:İspanyolca
Baskı/Yayın Bilgisi: Ciudad de México Siglo XXI 2001
Edisyon:1a. ed
Seri Bilgileri:Educación
Konular:
Etiketler: Etiketle
Etiket eklenmemiş, İlk siz ekleyin!

MARC

LEADER 00000nam a2200000 a 4500
001 UCK0262
003 CL-VaPUC
008 040924e20010000MX |||||||||||||||||spa|d
020 |a 9682323576 
082 0 4 |a 379.81  |b FRE  |2 21 
100 |a Freire, Paulo  |e autor  |9 352356 
245 1 0 |a Educación y actualidad brasileña 
250 |a 1a. ed 
300 |a 123 p 
942 |c BK 
945 |d 20040924 00:00:00  |a cmena 
260 |a Ciudad de México  |b Siglo XXI  |c 2001 
650 0 |a Educación  |9 258661 
650 0 |a Política educacional  |9 308011 
650 0 |a Estado y educación   |9 311264 
651 0 |a Brasil  |9 267393 
583 |a last modification  |c 20040924 00:00:00  |k Rodrigo Vera 
490 0 |a Educación 
999 |c 310750  |d 310748 
952 |0 0  |1 0  |4 0  |6 379_810000000000000_FRE_2001  |7 0  |8 A  |9 379716  |a BIBEDU  |b BIBEDU  |d 2019-11-21  |i 4065816  |o 379.81 FRE 2001  |p 4065816  |r 2019-11-21  |w 2019-11-21  |y BK  |k PAR